Reinforcement learning: An introduction (Record no. 5462)

MARC details
000 -LEADER
fixed length control field 00462nam a2200169Ia 4500
008 - FIXED-LENGTH DATA ELEMENTS--GENERAL INFORMATION
fixed length control field 230917s9999||||xx |||||||||||||| ||und||
020 ## - ISBN
Price RS 1295.00
040 ## - CATALOGING SOURCE
-- 5012621
Original cataloging agency VIVEKANANDA LIBRARY
041 ## - Language
-- English
082 ## - DDC NUMBER
Classification number 006.31 S87R
100 ## - MAIN ENTRY--PERSONAL NAME
Personal name Sutton, Richard S
245 #0 - TITLE STATEMENT
Title Reinforcement learning: An introduction
260 ## - PUBLICATION, DISTRIBUTION, ETC. (IMPRINT)
Place of publication, distribution, etc Cambridge
Name of publisher, distributor, etc MIT Press
Date of publication, distribution, etc 1998
300 ## - PHYSICAL DESCRIPTION
Pages xviii, 322 p.
500 ## - GENERAL NOTE
General note 4532 10/02/2022 RK22/2497 19/02/2022 Main Budget
942 ## - ADDED ENTRY ELEMENTS (KOHA)
Koha item type Books
Holdings
Withdrawn status Lost status Damaged status Not for loan Location (home branch) Sublocation or collection (holding branch) Date acquired Koha issues (times borrowed) Koha full call number Accession No. Koha date last seen Koha item type
        VIVEKANANDA LIBRARY VIVEKANANDA LIBRARY 25/03/2022   006.31 S87R 400233 17/09/2023 Books
        VIVEKANANDA LIBRARY VIVEKANANDA LIBRARY 25/03/2022 1 006.31 S87R 400234 10/09/2024 Books
© Designed and Maintained by Vivekananda Library, MDU Rohtak